The water-food-energy nexus: Power, Politics,Justice; (Record no. 8199)

MARC details
000 -LEADER
fixed length control field 00509nam a22001817a 4500
003 - CONTROL NUMBER IDENTIFIER
control field OSt
005 - DATE AND TIME OF LATEST TRANSACTION
control field 20231011110440.0
008 - FIXED-LENGTH DATA ELEMENTS--GENERAL INFORMATION
fixed length control field 231011b |||||||| |||| 00| 0 eng d
020 ## - INTERNATIONAL STANDARD BOOK NUMBER
International Standard Book Number 9780415332835
040 ## - CATALOGING SOURCE
Transcribing agency DDC.
082 ## - DEWEY DECIMAL CLASSIFICATION NUMBER
Classification number 338.9ALL 2019.
100 ## - MAIN ENTRY--PERSONAL NAME
Personal name Allouche,jeremy;middleton,Carl;Gyawali;
9 (RLIN) 16737
245 ## - TITLE STATEMENT
Title The water-food-energy nexus: Power, Politics,Justice;
260 ## - PUBLICATION, DISTRIBUTION, ETC. (IMPRINT)
Place of publication, distribution, etc. New York,
Name of publisher, distributor, etc. Routledge.
Date of publication, distribution, etc. 2019.
300 ## - PHYSICAL DESCRIPTION
Extent 139p;
Other physical details ill,
Dimensions 25cm.
504 ## - BIBLIOGRAPHY, ETC. NOTE
Bibliography, etc References,index.
942 ## - ADDED ENTRY ELEMENTS (KOHA)
Source of classification or shelving scheme Dewey Decimal Classification
Koha item type Open Shelf
Holdings
Withdrawn status Lost status Source of classification or shelving scheme Damaged status Not for loan Home library Current library Date acquired Source of acquisition Inventory number Total Checkouts Full call number Barcode Date last seen Price effective from Koha item type
    Dewey Decimal Classification     MUST Main Library MUST Main Library 11/10/2023 Purchase 22/40220   338.9ALL 2019. 2023-0614 11/10/2023 11/10/2023 Open Shelf